Statistics for Top 5 Worst Airports in South America (2016)

Click here to take the quiz!

General Stats

  • This quiz has been taken 3 times
  • The average score is 3 of 5

Answer Stats

#Answer% Correct
1Caracas, Venezuela (Simón Bolívar International Airport)
100%
5Cusco, Peru (Alejandro Velasco Astete International Airport)
67%
3La Paz, Bolivia (El Alto International Airport)
67%
4Paramaribo, Suriname (Johan Adolf Pengel International Airport)
67%
2Easter Island, Chile (Mataveri International Airport)
0%

Score Distribution

Percentile by Number Answered

Percent of People with Each Score

Your Score History

You have not taken this quiz